Makroekonomická pozice České republiky v rámci Evropské unie (ekonomická výkonnost a konvergence)
Enregistré dans:
| Auteur principal: | |
|---|---|
| Format: | Livre |
| Langue: | tchèque |
| Publié: |
Opava
Slezská univerzita v Opavě, Obchodně podnikatelská fakulta v Karviné
2006
|
| Collection: | Studia oeconomica
|
| Sujets: | |
| Tags: |
Pas de tags, Soyez le premier à ajouter un tag!
|
MARC
| LEADER | 00000nam$a2200000$$$4500 | ||
|---|---|---|---|
| 001 | 0054695 | ||
| 005 | 20240313090007.3 | ||
| 020 | |a 80-7248-346-3 | ||
| 041 | 0 | |a cze | |
| 044 | |a CZ | ||
| 245 | 1 | 0 | |a Makroekonomická pozice České republiky v rámci Evropské unie |b (ekonomická výkonnost a konvergence) |c Marian Lebiedzik |
| 264 | 1 | |a Opava |b Slezská univerzita v Opavě, Obchodně podnikatelská fakulta v Karviné |c 2006 | |
| 300 | |a 276 s. | ||
| 490 | 1 | |a Studia oeconomica | |
| 830 | 0 | |a Studia oeconomica | |
| 610 | 2 | 0 | |a makroekonomika |
| 610 | 2 | 0 | |a analýza komparatívna |
| 610 | 2 | 0 | |a výkonnosť ekonomiky |
| 610 | 2 | 0 | |a indexy |
| 610 | 2 | 0 | |a situácia hospodárska |
| 610 | 2 | 0 | |a ukazovatele makroekonomické |
| 610 | 2 | 0 | |a konvergencia |
| 610 | 2 | 0 | |a únie hospodárske |
| 610 | 2 | 0 | |a únie menové |
| 610 | 2 | 0 | |a Česko |
| 610 | 2 | 0 | |a Európska únia |
| 100 | 1 | |a Lebiedzik, Marian | |